[Event "NED-ch 2002 sf"]
[Site "Leeuwarden"]
[Date "2001.03.10"]
[Round "3.4"]
[White "Stellwagen, Daniel"]
[Black "Nijboer, Friso"]
[Result "1/2-1/2"]
[WhiteElo "2384"]
[BlackElo "2565"]
[PlyCount "71"]
[EventDate "2001.11.17"]

1. c4 Nf6 2. Nc3 d5 3. cxd5 Nxd5 4. Nf3 g6 5. e4 Nxc3 6. dxc3 Qxd1+ 7. Kxd1 f6
8. Be3 e5 9. Bc4 Nd7 10. Nd2 Bc5 11. Bxc5 Nxc5 12. b4 Ne6 13. Nb3 Ng5 14. f3
Be6 15. Bd3 Bf7 16. Kc2 Ke7 17. Rhd1 h5 18. Na5 Rab8 19. h4 Ne6 20. Rd2 Rhd8
21. Rad1 Be8 22. Bc4 Rxd2+ 23. Rxd2 b6 24. Nb3 g5 25. Bxe6 Kxe6 26. hxg5 fxg5
27. Kd3 Ba4 28. Ke3 a5 29. bxa5 Bxb3 30. axb3 bxa5 31. Rb2 a4 32. b4 c5 33. Kd3
a3 34. Ra2 cxb4 35. cxb4 Rxb4 36. Rxa3 1/2-1/2

[Event "NED-ch 2002 sf"]
[Site "Leeuwarden"]
[Date "2001.03.10"]
[Round "3.4"]
[White "Janssen, Ruud"]
[Black "Bosch, Jeroen"]
[Result "0-1"]
[WhiteElo "2475"]
[BlackElo "2454"]
[PlyCount "136"]
[EventDate "2001.11.17"]

1. d4 d6 2. Nf3 Nf6 3. c4 g6 4. Nc3 Bf5 5. Nh4 Bd7 6. e4 e5 7. Nf3 exd4 8. Nxd4
Bg7 9. Be2 O-O 10. O-O Re8 11. f3 Nc6 12. Be3 Nh5 13. Qd2 Nf4 14. Nxc6 Nxe2+
15. Nxe2 bxc6 16. Rad1 Qb8 17. Bd4 Bxd4+ 18. Qxd4 c5 19. Qf6 Bc6 20. Nf4 Re5
21. Rf2 a5 22. h4 Qf8 23. h5 Qh6 24. g4 Qg7 25. Qxg7+ Kxg7 26. hxg6 hxg6 27.
Nd3 Ree8 28. g5 Rh8 29. Rg2 Rh4 30. Kf2 Bd7 31. Nxc5 Bh3 32. Rh2 dxc5 33. Kg3
Rah8 34. Rdh1 R4h5 35. Rxh3 Rxg5+ 36. Kf2 Rd8 37. R3h2 Rd2+ 38. Ke3 Rgg2 39.
Rxg2 Rxg2 40. Rb1 a4 41. a3 Kf6 42. b4 Ra2 43. bxc5 Rxa3+ 44. Kf4 g5+ 45. Kg4
Rb3 46. Ra1 a3 47. f4 gxf4 48. Kxf4 Ke6 49. Ra2 Rc3 50. Ra1 Rd3 51. Ra2 f6 52.
Ra1 Rc3 53. Ra2 Kd7 54. Kf5 Kc6 55. Kxf6 Kxc5 56. e5 Kxc4 57. e6 Kb3 58. Re2 a2
59. Re1 Rc6 60. Kf7 Ra6 61. e7 Ra8 62. Re3+ Kb4 63. Re4+ Kc3 64. Re1 c5 65. Rh1
c4 66. Rh3+ Kb4 67. Rh1 c3 68. Rd1 Ra7 0-1

[Event "NED-ch 2002 sf"]
[Site "Leeuwarden"]
[Date "2001.03.10"]
[Round "3.5"]
[White "Janssen, Ruud"]
[Black "Bosch, Jeroen"]
[Result "1-0"]
[WhiteElo "2475"]
[BlackElo "2454"]
[PlyCount "81"]
[EventDate "2001.11.17"]

1. c4 e5 2. g3 d6 3. Bg2 f5 4. Nc3 Nf6 5. e3 Be7 6. Nge2 O-O 7. O-O c6 8. d4
Qe8 9. c5 e4 10. cxd6 Bxd6 11. f3 exf3 12. Bxf3 Na6 13. Qd3 Kh8 14. a3 Qe7 15.
Bd2 Nc7 16. Nf4 g5 17. Nfe2 Ncd5 18. Rae1 Bd7 19. e4 Nxe4 20. Nxe4 fxe4 21.
Qxe4 Qxe4 22. Bxe4 h6 23. Nc3 Nf6 24. Bg2 Kg7 25. d5 Bc5+ 26. Be3 Bxe3+ 27.
Rxe3 cxd5 28. Re7+ Rf7 29. Rxf7+ Kxf7 30. Nxd5 Bb5 31. Rxf6+ Kg7 32. Re6 Rc8
33. Nc3 Bc4 34. Re7+ Kf6 35. Rxb7 a6 36. Rb6+ Ke5 37. Rxh6 Rd8 38. Bf1 Be6 39.
Rh5 Rd2 40. Rxg5+ Kd4 41. Rg6 1-0